<The> Notion of equivalence from the diachronic point of view

Saved in:
Bibliographic Details
Main Author: Sageder, Dagmar
Format: Book Chapter
Language:English
Tags: Add Tag
No Tags, Be the first to tag this record!

MARC

LEADER 00000nla a2200000 4500
001 0220166
005 20240502073624.0
041 0 |a eng 
044 |a SK 
245 1 0 |a <The> Notion of equivalence from the diachronic point of view  |c Dagmar Sageder 
100 1 |a Sageder, Dagmar